000 01474nam a2200241Ia 4500
003 Ost
005 20260507074933.0
008 260507s9999||||xx |||||||||||||| ||und||
020 _a9789957493356
040 _cfsecg
041 _aara
082 _a658.00285
100 _aالنعيمي، جلال محمد
_eمؤلف
245 0 _aالبحث العلمي في ادارة الاعمال باستخدام تقنيات الحاسوب /
_c جلال محمد النعيمي
260 _aعمان:
_bدار اثراء,
_c2008
300 _a296 صفحة؛
_c24 سم
504 _aبيبليوغرافيا ص.291-296
520 _a البحث العلمي في إدارة الأعمال ، نظم المعلومات وادارة المعرفة ،العلم والنظرية والبحث العمي ، استراتجية البحث العلمي في ادارة الاعمال ، عملية البحث العلمي ، مشكلة البحث ومقترحه ، البيانات ، زسائل جمع المعلومات والبيانات ، العينات ، عرض البيانات ، تنظيم وترميز وتحليل البيانات ، استخدام الحاسوب في ادخال وتحليل البيانات ، استخدام الشبكة المعلوماتية في الحصول على البيانات ، كتابة تقرير البحث
653 _aادارة الاعمال
653 _aالحاسوب
653 _aبحث علمي
942 _cكتاب
999 _c41867
_d41867